| 000 | 01432cam a2200313 i 4500 | ||
|---|---|---|---|
| 001 | 19306762 | ||
| 003 | NUST | ||
| 005 | 20221107164035.0 | ||
| 008 | 160929t20172017flua b 001 0 eng c | ||
| 010 | _a 2016044943 | ||
| 020 | _a9781498736831 (hardback ; alk. paper) | ||
| 020 | _a1498736831 (hardback ; alk. paper) | ||
| 040 |
_aOU/DLC _beng _cOU _erda _dDLC |
||
| 042 | _apcc | ||
| 082 | 0 | 0 | _a535.2,POW |
| 100 | 1 |
_aPowers, Peter E., _eauthor. _9102429 |
|
| 245 | 1 | 0 |
_aFundamentals of nonlinear optics / _cPeter E. Powers, Joseph W. Haus. |
| 250 | _aSecond edition. | ||
| 264 | 1 |
_aBoca Raton : _bCRC Press, Taylor & Francis Group, _c[2017] |
|
| 264 | 4 | _c©2017 | |
| 300 |
_axx, 480 pages : _billustrations ; _c26 cm |
||
| 336 |
_atext _btxt _2rdacontent |
||
| 337 |
_aunmediated _bn _2rdamedia |
||
| 338 |
_avolume _bnc _2rdacarrier |
||
| 505 | 0 | _aIntroduction (Page-1), Linear optics (Page-15), Introduction to the nonlinear susceptibility (Page-65), Three-wave processes in the small-signal regime (Page-119), Quasi-phase matching (Page-161), Three-wave mixing beyond the small-signal limit (Page-183), x(2) devices (Page-207), x(3) processes (Page-239), Raman and Brillouin scattering (Page-291), Nonlinear optics including diffraction and dispersion (Page-337), Quantum nonlinear optics (Page-381), | |
| 650 | 0 |
_aNonlinear optics. _979883 |
|
| 700 | 1 |
_aHaus, Joseph W., _d1948- _eauthor. _9102430 |
|
| 942 |
_2ddc _cREF |
||
| 999 |
_c592266 _d592266 |
||